000 00838nam a2200241 i 4500
001 124494
003 ES-MaACL
007 t|
008 070328s1930 sp ||||1| spa d
080 _a338:63(04)
100 1 _aWygodzinski, W.
_9117464
245 1 0 _aEconomía política y agraria /
_cW. Wygodzinski ; anotada por A. Skalweit ; traducida de la tercera edición alemana por Manuel Pedroso ; con notas relativas a España por Rafael Luengo Tapia.
260 _aBarcelona :
_bLabor,
_c[1930]
300 _a229 p. ;
_c17 cm.
490 1 _aColección Labor ;
_v232
650 1 4 _aPolítica agraria.
_916285
700 1 _aSkalweit, August.
_9106734
700 1 _aLuengo Tapia, Rafael
_974639
700 1 _aPedroso, Manuel.
_989953
830 0 0 _aColección Labor
_v232
_9184254
852 _aES-MaACL
_jE-2739
999 _c124494
_d124494